[Event "European Blitz 2022"]
[Site "Katowice POL"]
[Date "2022.12.16"]
[Round "13.5"]
[White "Moroni, Luca Jr"]
[Black "Wieczorek, Oskar"]
[Result "0-1"]
[WhiteTitle "GM"]
[BlackTitle "GM"]
[WhiteElo "2576"]
[BlackElo "2504"]
[WhiteFideId "865834"]
[BlackFideId "1133950"]
[EventDate "2022.12.16"]

1. d4 Nf6 2. Nf3 g6 3. Bf4 d6 4. Nc3 Bg7 5. e4 O-O 6. Qd2 Bg4 7. Be2 Bxf3 8.
Bxf3 Nc6 9. e5 dxe5 10. dxe5 Qxd2+ 11. Kxd2 Nd7 12. Bxc6 bxc6 13. Rae1 Nb6 14.
b3 Nd5 15. Nxd5 cxd5 16. Bg5 Rfe8 17. Kd3 a5 18. a4 e6 19. h4 h5 20. f3 c5 21.
g4 hxg4 22. fxg4 Rab8 23. h5 Kh7 24. Bd2 c4+ 25. bxc4 dxc4+ 26. Ke4 Red8 27. Bc3
Rd5 28. Ref1 Rb7 29. Rf3 Rbd7 30. h6 Bf8 31. g5 Bb4 32. Rhf1 Bxc3 33. Rxc3 Rd4+
34. Ke3 Rg4 35. Rf4 Rxg5 36. Ke4 Kxh6 37. Rxc4 Rg1 38. Rc5 Re1+ 39. Kf3 Ra7 40.
Kf2 Rb1 41. c3 Kg7 42. Rd4 g5 43. Rd8 Kg6 44. Rd3 g4 45. Kg3 Kf5 46. Rd4 Rg1+
47. Kf2 Rc1 48. Kg3 Rf1 49. Rb5 Rf3+ 50. Kg2 Rxc3 51. Rd1 Rf3 52. Rh1 Rc7 53.
Rh5+ Kg6 54. Rh4 Rc2+ 55. Kg1 Kg5 56. Rh2 Rg3+ 0-1

[Event "European Blitz 2022"]
[Site "Katowice POL"]
[Date "2022.12.16"]
[Round "13.6"]
[White "Schneider, Ilja"]
[Black "Hovhannisyan, Robert"]
[Result "1/2-1/2"]
[WhiteTitle "IM"]
[BlackTitle "GM"]
[WhiteElo "2483"]
[BlackElo "2597"]
[WhiteFideId "4663306"]
[BlackFideId "13302507"]
[EventDate "2022.12.16"]

1. e4 e5 2. Nf3 Nc6 3. Bb5 Nf6 4. O-O Nxe4 5. Re1 Nd6 6. Nxe5 Be7 7. Bf1 Nxe5 8.
Rxe5 O-O 9. d4 Bf6 10. Re1 Nf5 11. d5 Re8 12. c3 Rxe1 13. Qxe1 Qe7 14. Qxe7 Nxe7
15. c4 d6 16. Nc3 Bxc3 17. bxc3 Bd7 18. f3 b6 19. Kf2 Ng6 20. g3 Ba4 21. Be3 Ne5
22. Bd4 Nd7 23. Bd3 Nc5 24. Bxc5 dxc5 25. Re1 Kf8 26. h4 h6 27. g4 Re8 28. Rxe8+
Bxe8 29. g5 hxg5 30. hxg5 Ke7 31. Ke3 Kd6 32. a3 Bd7 33. f4 a6 34. Ke4 Bg4 35.
Bc2 Be2 36. Bd3 Bh5 37. Ke3 Bg4 38. Ke4 Bd7 39. Ke3 b5 40. cxb5 axb5 41. c4 b4
42. axb4 cxb4 43. Kd4 c5+ 44. dxc6 Kxc6 45. Bc2 Be6 46. f5 Bc8 47. f6 gxf6 48.
gxf6 Be6 49. Ba4+ Kb6 50. Bb3 Kc6 51. Bc2 Bg4 52. Ba4+ Kd6 53. c5+ Ke6 54. Bb3+
Kxf6 55. Kc4 Ke5 56. Kxb4 f5 57. c6 f4 58. Kc5 f3 59. Bc4 f2 60. c7 Bc8 61. Kc6
Kd4 62. Bf1 Ke3 63. Kd6 Kd2 64. Ke7 Ke1 65. Bc4 Bg4 66. Kd8 1/2-1/2

[Event "European Blitz 2022"]
[Site "Katowice POL"]
[Date "2022.12.16"]
[Round "13.7"]
[White "Sahidi, Samir"]
[Black "Lagarde, Maxime"]
[Result "1/2-1/2"]
[WhiteTitle "IM"]
[BlackTitle "GM"]
[WhiteElo "2494"]
[BlackElo "2584"]
[WhiteFideId "14936372"]
[BlackFideId "662399"]
[EventDate "2022.12.16"]

1. d4 f5 2. c4 Nf6 3. Nc3 d6 4. g3 g6 5. Bg2 Bg7 6. Nf3 O-O 7. O-O Nc6 8. b3 e5
9. dxe5 dxe5 10. Ba3 e4 11. Ng5 Re8 12. Qxd8 Rxd8 13. Rad1 h6 14. Nh3 Be6 15.
Nf4 Bf7 16. Nb5 Ne8 17. Nd5 Rdc8 18. f3 a6 19. Nbc3 exf3 20. Bxf3 Rab8 21. e4
fxe4 22. Nxe4 Rd8 23. Kg2 Ne5 24. Be2 c6 25. Ndf6+ Nxf6 26. Nxf6+ Bxf6 27. Rxf6
Rxd1 28. Bxd1 Rd8 29. Rd6 Rxd6 30. Bxd6 Nd3 31. Kf3 b5 32. cxb5 cxb5 33. a4 Nc1
34. b4 Bb3 35. Bxb3+ Nxb3 36. axb5 Nd4+ 37. Ke4 Nxb5 38. Kd5 Kf7 39. Be5 Na3 40.
Kc5 Ke6 41. Bg7 h5 42. Kb6 Kd5 43. Kxa6 Kc6 44. Bf8 g5 45. h3 g4 46. h4 Nb5 47.
Bg7 Nd6 48. Ka5 Nb5 49. Ka4 Nd6 50. Be5 Nb5 51. Bf6 Nd6 52. Be5 Nb5 53. Bg7 Nd6
54. Kb3 Kd5 55. Bh6 Nb5 56. Bf4 Nd4+ 57. Kc3 Nb5+ 58. Kd3 Nd4 59. Bc7 Nb5 60.
Bb8 Nd4 61. Ke3 Nc2+ 62. Kf4 Nxb4 63. Kg5 Nc6 64. Bf4 Ke6 65. Kxh5 Kf5 66. Kh6
Nd4 67. Bb8 Ne6 68. Kh7 Kf6 69. Bd6 Kf7 70. Be5 Nc5 71. Kh6 Ke6 72. Bd4 Ne4 73.
Kh5 Kf5 74. Ba7 Nxg3+ 75. Kh6 Ne4 76. h5 Nf6 77. Bb8 Nxh5 78. Kxh5 1/2-1/2

[Event "European Blitz 2022"]
[Site "Katowice POL"]
[Date "2022.12.16"]
[Round "13.8"]
[White "Seo, Jung Min"]
[Black "Donchenko, Alexander"]
[Result "1/2-1/2"]
[WhiteTitle "IM"]
[BlackTitle "GM"]
[WhiteElo "2502"]
[BlackElo "2636"]
[WhiteFideId "1734687"]
[BlackFideId "24603295"]
[EventDate "2022.12.16"]

1. e4 c6 2. d4 d5 3. e5 Bf5 4. h4 h5 5. Bd3 Bxd3 6. Qxd3 Qa5+ 7. Nd2 e6 8. Nf3
Nh6 9. O-O Nf5 10. Nb3 Qa6 11. Qd1 b6 12. Bg5 Nd7 13. Re1 Rc8 14. c3 c5 15. a3
Qa4 16. g3 c4 17. Nbd2 Qxd1 18. Rexd1 f6 19. Bf4 Kf7 20. a4 Be7 21. Rdc1 Rc6 22.
Kg2 a6 23. Nf1 Ra8 24. Ne3 Nxe3+ 25. Bxe3 Rcc8 26. Rcb1 b5 27. axb5 axb5 28.
Rxa8 Rxa8 29. b3 Ra7 30. bxc4 bxc4 31. Rb5 Bd8 32. Rb1 Ba5 33. Ra1 Bb6 34. Rxa7
Bxa7 35. exf6 gxf6 36. Kf1 Bb6 37. Ke2 Ba5 38. Kd2 Kg6 39. Ng1 Nb6 40. Ne2 Na4
41. Kc2 Kf5 42. f3 Bc7 43. Bf4 e5 44. Be3 e4 45. fxe4+ Kxe4 46. Bf4 Ba5 47. Bd2
Bc7 48. Bf4 Ba5 49. Bd2 Bc7 1/2-1/2

[Event "European Blitz 2022"]
[Site "Katowice POL"]
[Date "2022.12.16"]
[Round "13.9"]
[White "Saraci, Nderim"]
[Black "Abdrlauf, Elham"]
[Result "1-0"]
[WhiteTitle "IM"]
[BlackTitle "IM"]
[WhiteElo "2468"]
[BlackElo "2518"]
[WhiteFideId "6351921"]
[BlackFideId "1533533"]
[EventDate "2022.12.16"]

1. Nf3 d5 2. b3 Nf6 3. Bb2 e6 4. c4 Bd6 5. e3 b6 6. Nc3 Bb7 7. Be2 O-O 8. cxd5
exd5 9. O-O a6 10. Rc1 Nbd7 11. d4 Qe7 12. Ne1 Rfe8 13. Nd3 Nf8 14. Bf3 Ng6 15.
g3 Rad8 16. Bg2 h5 17. Nf4 Nxf4 18. exf4 Bb4 19. Qc2 h4 20. Nd1 Bd6 21. Ne3 Qd7
22. Rfe1 h3 23. Bf1 Ne4 24. f3 Nf6 25. Nf5 Rxe1 26. Rxe1 Bb4 27. Re2 g6 28. Ne3
Re8 29. f5 g5 30. Bxh3 Bd6 31. Bc1 c5 32. Ng4 Nxg4 33. Bxg4 cxd4 34. f6 Bc5 35.
Bxd7 d3+ 36. Kf1 dxe2+ 37. Qxe2 Rxe2 38. Kxe2 Bg1 39. h3 d4 40. Bxg5 Bh2 41. Bf4
Bg1 42. Bf5 Bd5 43. Be4 Be6 44. g4 a5 45. Bg3 a4 46. bxa4 Bxa2 47. Bd3 Bb3 48.
Bb5 Be3 49. Bf2 Bd1+ 50. Ke1 Bxf3 51. Bxe3 dxe3 1-0

[Event "European Blitz 2022"]
[Site "Katowice POL"]
[Date "2022.12.16"]
[Round "13.10"]
[White "Kozak, Antoni"]
[Black "Klekowski, Maciej"]
[Result "0-1"]
[BlackTitle "GM"]
[WhiteElo "2422"]
[BlackElo "2477"]
[WhiteFideId "21832030"]
[BlackFideId "1132717"]
[EventDate "2022.12.16"]

1. Nf3 Nf6 2. c4 e6 3. b3 d5 4. Bb2 c6 5. e3 Nbd7 6. d4 Bd6 7. Bd3 O-O 8. O-O b6
9. Nbd2 Bb7 10. Ne5 c5 11. f4 cxd4 12. exd4 Ne4 13. Ndf3 f6 14. Nxd7 Qxd7 15.
Nd2 f5 16. Qe2 Kh8 17. Qe3 a5 18. Nf3 a4 19. Ne5 Qe7 20. Bc2 a3 21. Bc3 Rac8 22.
Bxe4 fxe4 23. Qd2 Ba6 24. Rae1 Rf6 25. Rf2 Rcf8 26. Ng4 Rxf4 27. Rxf4 Bxf4 28.
Qe2 Qg5 29. Rf1 h5 30. g3 hxg4 31. Rxf4 Rxf4 32. gxf4 Qxf4 33. Bd2 Qf6 34. Qf2
dxc4 35. bxc4 Bxc4 36. Bb4 e3 37. Qxf6 gxf6 38. Bxa3 f5 39. Bd6 Kg7 40. Bf4 e2
41. Kf2 Kf7 42. a4 Ke7 43. Bc7 Kd7 44. Bxb6 f4 45. d5 exd5 46. a5 f3 47. Bd4 Ke6
48. Bc3 Kf5 49. Ke3 Ba6 50. Be1 Ke6 51. Bg3 Ke7 52. Kd4 Ke6 53. Ke3 Kd7 54. Kd4
Kc6 55. Be1 Bb7 56. Ke3 Kb5 57. Kf4 d4 58. Kxg4 d3 59. Kg3 Kc4 60. Kf2 Kb3 61.
h4 Kc2 62. Ke3 f2 63. Kd4 0-1

[Event "European Blitz 2022"]
[Site "Katowice POL"]
[Date "2022.12.16"]
[Round "13.11"]
[White "Alexakis, Dimitris"]
[Black "Gaehwiler, Gabriel"]
[Result "0-1"]
[WhiteTitle "IM"]
[BlackTitle "IM"]
[WhiteElo "2486"]
[BlackElo "2408"]
[WhiteFideId "4277023"]
[BlackFideId "1314530"]
[EventDate "2022.12.16"]

1. e4 c5 2. Nf3 d6 3. d4 cxd4 4. Qxd4 Nc6 5. Qe3 g6 6. Be2 Nf6 7. O-O Bg7 8. h3
O-O 9. c4 b6 10. Nc3 Bb7 11. Rb1 Rc8 12. b3 Nd7 13. Bb2 Nde5 14. Rfd1 Re8 15.
Nxe5 Nxe5 16. f4 Nd7 17. Bg4 h5 18. Bf3 Qc7 19. Nb5 Qc5 20. Nd4 e5 21. fxe5 dxe5
22. Nc2 Qxe3+ 23. Nxe3 Nc5 24. Nd5 Ne6 25. Ba3 Kh7 26. Rf1 Rcd8 27. Be7 Rd7 28.
Nf6+ Bxf6 29. Bxf6 Nd4 30. Rbd1 Rd6 31. Bh4 f6 32. Kf2 Kg7 33. Rd3 Red8 34. Rfd1
Nf5 35. exf5 Rxd3 36. Rxd3 Rxd3 37. Bxb7 g5 38. Ke2 Rd7 39. Bc6 Rc7 40. Bxg5
fxg5 41. Bd5 g4 42. h4 Kf6 43. Be4 Rd7 44. g3 Rd4 45. Bc2 e4 46. Ke3 Ke5 47. a3
a5 48. a4 Rd6 49. Bxe4 Rd1 50. Bc2 Rf1 51. Be4 Re1+ 0-1

[Event "European Blitz 2022"]
[Site "Katowice POL"]
[Date "2022.12.16"]
[Round "13.12"]
[White "Santos Latasa, Jaime"]
[Black "Drozdowski, Kacper"]
[Result "1/2-1/2"]
[WhiteTitle "GM"]
[BlackTitle "IM"]
[WhiteElo "2668"]
[BlackElo "2448"]
[WhiteFideId "2293307"]
[BlackFideId "1136720"]
[EventDate "2022.12.16"]

1. e4 c5 2. Nf3 e6 3. d4 cxd4 4. Nxd4 a6 5. Bd3 Nf6 6. O-O d6 7. c4 Nbd7 8. Nc3
b6 9. Qe2 Bb7 10. f4 Qc7 11. Kh1 g6 12. Bd2 Bg7 13. Nf3 O-O 14. Rac1 Rad8 15.
Rfd1 Qb8 16. Be3 Nc5 17. Bd4 Nxd3 18. Rxd3 b5 19. cxb5 axb5 20. a3 Rc8 21. Rcd1
b4 22. axb4 Ba6 23. b5 Bxb5 24. Nxb5 Qxb5 25. Qe1 d5 26. Bxf6 Bxf6 27. exd5 exd5
28. Rxd5 Qxb2 29. h3 Rfe8 30. Qf1 Qe2 31. Qxe2 Rxe2 32. R1d2 Rxd2 1/2-1/2

[Event "European Blitz 2022"]
[Site "Katowice POL"]
[Date "2022.12.16"]
[Round "13.13"]
[White "Sargsyan, Shant"]
[Black "Tregubov, Pavel V."]
[Result "1-0"]
[WhiteTitle "GM"]
[BlackTitle "GM"]
[WhiteElo "2645"]
[BlackElo "2553"]
[WhiteFideId "13306766"]
[BlackFideId "4115341"]
[EventDate "2022.12.16"]

1. d4 Nf6 2. Nf3 e6 3. c4 Bb4+ 4. Bd2 Qe7 5. g3 Bxd2+ 6. Qxd2 Nc6 7. e3 O-O 8.
Bg2 d6 9. Nc3 e5 10. Nd5 Nxd5 11. cxd5 Nd8 12. dxe5 dxe5 13. Rc1 Bg4 14. O-O f6
15. Qa5 c6 16. Nd2 cxd5 17. Bxd5+ Be6 18. Rfd1 b6 19. Qb5 Bxd5 20. Qxd5+ Nf7 21.
Ne4 Rfd8 22. Qc6 Rxd1+ 23. Rxd1 Rd8 24. Rxd8+ Qxd8 25. Nc3 h6 26. Kg2 Nd6 27.
Qd5+ Nf7 28. Qb7 Nd6 29. Qxa7 Nc4 30. Qa4 Qd3 31. Qb3 Kh7 32. Qb5 h5 33. h4 Kh6
34. a4 Kh7 35. Qd5 Qxd5+ 36. Nxd5 Kg8 37. b3 Nd2 38. b4 Nc4 39. Kf3 Kf7 40. Ke4
Ke6 41. Nc7+ Kd7 42. Nb5 Ke6 43. Kd3 Nb2+ 44. Kc2 Nc4 45. Nc3 g5 46. Kd3 Nd6 47.
a5 bxa5 48. bxa5 Kd7 49. Ne4 gxh4 50. gxh4 Ne8 51. Ng3 Ng7 52. Ke4 Kc6 53. Nf5
Ne6 54. Ng3 Ng7 55. a6 Kb6 56. Kd5 Kxa6 57. Kd6 Kb5 58. Ke7 f5 59. Kf6 Ne8+ 60.
Kxe5 1-0

[Event "European Blitz 2022"]
[Site "Katowice POL"]
[Date "2022.12.16"]
[Round "13.14"]
[White "Ziska, Helgi Dam"]
[Black "Licznerski, Lukasz"]
[Result "1-0"]
[WhiteTitle "GM"]
[BlackTitle "IM"]
[WhiteElo "2546"]
[BlackElo "2441"]
[WhiteFideId "7200595"]
[BlackFideId "1179250"]
[EventDate "2022.12.16"]

1. e4 c6 2. Nc3 d5 3. Nf3 Bg4 4. h3 Bh5 5. d4 dxe4 6. Nxe4 Nd7 7. Bc4 Ngf6 8.
Ng3 Bg6 9. h4 h6 10. h5 Bh7 11. Qe2 e6 12. Bf4 Qa5+ 13. c3 Be7 14. Ne5 Nxe5 15.
dxe5 Nd5 16. Bd2 Bg5 17. Bxg5 hxg5 18. Qg4 Nb6 19. O-O Qxe5 20. Rfe1 Qf4 21.
Bxe6 fxe6 22. Qxe6+ Kf8 23. Re3 g4 24. Rae1 Nd5 25. Re5 Qf6 26. Qd7 Kg8 27. Re8+ 1-0

[Event "European Blitz 2022"]
[Site "Katowice POL"]
[Date "2022.12.16"]
[Round "13.15"]
[White "Krzyzanowski, Marcin"]
[Black "Oleksiyenko, Mykhaylo"]
[Result "1-0"]
[WhiteTitle "GM"]
[BlackTitle "GM"]
[WhiteElo "2538"]
[BlackElo "2594"]
[WhiteFideId "1132199"]
[BlackFideId "4152417"]
[EventDate "2022.12.16"]

1. Nf3 d5 2. g3 Nf6 3. Bg2 e6 4. O-O Be7 5. c4 O-O 6. b3 c6 7. Bb2 b6 8. d3 Nbd7
9. Nbd2 a5 10. a3 Ba6 11. Rc1 Rc8 12. Rc2 b5 13. Qa1 a4 14. b4 bxc4 15. dxc4 c5
16. cxd5 exd5 17. bxc5 Bxe2 18. Rfc1 Rxc5 19. Nd4 Rxc2 20. Rxc2 Bd3 21. Nc6 Qe8
22. Rc3 Bb5 23. Nxe7+ Qxe7 24. Re3 Qc5 25. Bd4 Qc2 26. Nf3 Rc8 27. Re1 h6 28.
Bh3 Re8 29. Be3 Bc4 30. Nd4 Qg6 31. Nf5 Ng4 32. Bxg4 Qxg4 33. Nd6 Re6 34. Bf4
Rxe1+ 35. Qxe1 Nf6 36. Kg2 Qd7 37. Qb4 Bd3 38. Qd4 Be4+ 39. Nxe4 Nxe4 40. Be3
Qc6 41. h4 f6 42. h5 Qc4 43. Qa7 Kh7 44. Qf7 Qc6 45. Qg6+ Kh8 46. Bxh6 gxh6 47.
Qxh6+ Kg8 48. Qg6+ Kf8 49. Qh6+ Kf7 50. Qh7+ Ke6 51. Qg8+ Ke5 52. h6 d4 53. f4+
Kd6 54. Qd8+ Kc5 55. Qa5+ Kc4 56. Qb4+ Kd3 57. Qb1+ Ke2 58. Qf1+ Kd2 59. Qf3 f5
60. Kh2 Qxh6+ 61. Kg1 Qg6 62. Qg2+ Kc3 1-0

[Event "European Blitz 2022"]
[Site "Katowice POL"]
[Date "2022.12.16"]
[Round "13.16"]
[White "Kjartansson, Gudmundur"]
[Black "Livaic, Leon"]
[Result "1-0"]
[WhiteTitle "GM"]
[BlackTitle "GM"]
[WhiteElo "2453"]
[BlackElo "2572"]
[WhiteFideId "2301318"]
[BlackFideId "14531534"]
[EventDate "2022.12.16"]

1. c4 e6 2. Nc3 d5 3. d4 Nf6 4. cxd5 exd5 5. Bg5 Be7 6. e3 O-O 7. Bd3 Re8 8. Qc2
h6 9. Bh4 c5 10. Nge2 Nc6 11. a3 cxd4 12. exd4 Ng4 13. Bxe7 Qxe7 14. O-O Qh4 15.
h3 Nf6 16. Rad1 Bd7 17. Bf5 Bxf5 18. Qxf5 Qg5 19. Ng3 g6 20. Qd3 h5 21. Rfe1 Na5
22. Nb5 Nc4 23. Nc7 Nxb2 24. Qb5 Nxd1 25. Rxd1 b6 26. Nxa8 Rxa8 27. Qa6 h4 28.
Nf1 Qf5 29. Ne3 Qd7 30. Rc1 Ne4 31. Ng4 Nd6 32. Nf6+ 1-0

[Event "European Blitz 2022"]
[Site "Katowice POL"]
[Date "2022.12.16"]
[Round "13.17"]
[White "Dvirnyy, Danyyil"]
[Black "Petrovskyi, Vadym"]
[Result "1-0"]
[WhiteTitle "GM"]
[BlackTitle "FM"]
[WhiteElo "2530"]
[BlackElo "2402"]
[WhiteFideId "817570"]
[BlackFideId "14165210"]
[EventDate "2022.12.16"]

1. e4 c5 2. Nf3 d6 3. Bb5+ Nd7 4. a4 a6 5. Be2 Ngf6 6. Nc3 e6 7. O-O Be7 8. d4
cxd4 9. Qxd4 O-O 10. Rd1 Qc7 11. Be3 b6 12. Nd2 Bb7 13. Nc4 e5 14. Qd3 Rad8 15.
Bf3 Nc5 16. Qe2 d5 17. exd5 e4 18. Bxc5 Bxc5 19. Nxe4 Nxd5 20. Nxc5 Qxc5 21.
Bxd5 Bxd5 22. Ne3 Bb7 23. Rxd8 Rxd8 24. Rd1 Rc8 25. h3 a5 26. Qg4 g6 27. Rd7 Qc6 1-0

[Event "European Blitz 2022"]
[Site "Katowice POL"]
[Date "2022.12.16"]
[Round "13.18"]
[White "Bartel, Mateusz"]
[Black "Kyc, Jerzy"]
[Result "1-0"]
[WhiteTitle "GM"]
[WhiteElo "2627"]
[BlackElo "2230"]
[WhiteFideId "1112635"]
[BlackFideId "1163922"]
[EventDate "2022.12.16"]

1. e4 c5 2. Nf3 d6 3. Nc3 Nf6 4. d4 cxd4 5. Qxd4 Nc6 6. Qd3 g6 7. Nd5 Bg7 8. c3
O-O 9. Bg5 Nxd5 10. exd5 Ne5 11. Nxe5 Bxe5 12. Be2 Bf5 13. Qd2 Rc8 14. g4 Bd7
15. h4 Qa5 16. Kf1 e6 17. h5 Qxd5 18. Qxd5 exd5 19. Rd1 Be6 20. Be3 b6 21. f4
Bf6 22. Bd4 Bxd4 23. Rxd4 Rc5 24. Kf2 b5 25. h6 a5 26. a3 Rb8 27. Ke3 Kf8 28.
Kd2 Ke7 29. Re1 Kd8 30. Rg1 Rc7 31. Bd3 Rcb7 32. f5 Bd7 33. Rxd5 Kc7 34. Rd4 b4
35. cxb4 axb4 36. Rc1+ Kd8 37. Rxd6 bxa3 38. bxa3 Ke7 39. Ra6 Rd8 40. Re1+ Kf8
41. Rd6 Rc8 42. Rb1 Ra7 43. Rb3 gxf5 44. gxf5 Ke7 45. Rdb6 f6 46. Rb7 Rc7 47.
Rxa7 Rxa7 48. Ke3 Kd6 49. Be4 Ke5 50. Rd3 1-0

[Event "European Blitz 2022"]
[Site "Katowice POL"]
[Date "2022.12.16"]
[Round "13.19"]
[White "Laurusas, Tomas"]
[Black "Subelj, Jan"]
[Result "1-0"]
[WhiteTitle "GM"]
[BlackTitle "IM"]
[WhiteElo "2567"]
[BlackElo "2492"]
[WhiteFideId "12803731"]
[BlackFideId "14618583"]
[EventDate "2022.12.16"]

1. c4 Nf6 2. Nc3 e5 3. Nf3 e4 4. Nd4 Nc6 5. Nc2 Bc5 6. e3 O-O 7. d4 exd3 8. Bxd3
Ne5 9. Be2 d6 10. O-O a6 11. b3 Bf5 12. Bb2 Ng6 13. Nd4 Bd7 14. Bf3 Rb8 15. Rc1
Qe8 16. Nd5 Nxd5 17. cxd5 Qe7 18. Be2 Rfe8 19. Qd2 Qg5 20. Nf3 Qe7 21. Qc3 Qf8
22. b4 Bb6 23. Qc2 c5 24. dxc6 Bxc6 25. Rfd1 Rbc8 26. Qd2 d5 27. a3 Ba4 28. Re1
Ne7 29. Nd4 Rxc1 30. Rxc1 Rc8 31. Re1 Bd7 32. Bd3 Nc6 33. Nb3 Qe7 34. Rc1 Ne5
35. Rxc8+ Bxc8 36. Bxh7+ Kxh7 37. Qc2+ g6 38. Qxc8 Bc7 39. h3 Qd7 40. Qa8 f6 41.
Nc5 Qf5 42. e4 dxe4 43. Qxb7 Nc4 44. Qxc7+ Kh6 45. Bc1+ g5 46. Qf7 Ne5 47. Qe6
Qg6 48. Bb2 e3 49. fxe3 Qb1+ 50. Kh2 Qxb2 51. Qxf6+ Kh7 52. Nd7 Nc4 53. Qxg5
Nxa3 54. Nf6+ 1-0

[Event "European Blitz 2022"]
[Site "Katowice POL"]
[Date "2022.12.16"]
[Round "13.20"]
[White "Keinanen, Toivo"]
[Black "Thorfinnsson, Bjorn"]
[Result "1-0"]
[WhiteTitle "IM"]
[BlackTitle "IM"]
[WhiteElo "2508"]
[BlackElo "2374"]
[WhiteFideId "509825"]
[BlackFideId "2300982"]
[EventDate "2022.12.16"]

1. d4 d5 2. Nf3 e6 3. g3 f5 4. Bg2 Nf6 5. O-O Bd6 6. Ne5 Nbd7 7. Bf4 Nh5 8. e3
g6 9. c4 c6 10. Nxc6 bxc6 11. Bxd6 Nb6 12. Bc5 Nxc4 13. Nd2 Nxd2 14. Qxd2 Nf6
15. Ba3 Kf7 16. Rac1 Bd7 17. f3 Re8 18. Bd6 Qb6 19. Rc3 Qa5 20. Rfc1 Rec8 21.
Qc2 Qxa2 22. Ra3 Qc4 23. Qxc4 dxc4 24. Rxc4 Ne8 25. Be5 Nc7 26. Bf1 Nb5 27. Ra1
Be8 28. Kf2 Bd7 29. Bd3 Be8 30. Ke2 Bd7 31. Kd2 Be8 32. h4 Bd7 33. Rb4 Be8 34.
Rc4 Bd7 35. Rc5 Be8 36. Rac1 Bd7 37. Be2 Ke7 38. h5 g5 39. Bd3 Nd6 40. g4 Nf7
41. Bg3 Nh6 42. gxf5 Nxf5 43. Be5 Rg8 44. Ba6 g4 45. fxg4 Rxg4 46. Bb7 Rg2+ 47.
Kd3 Rd8 48. R5c2 Rg5 49. Bxc6 Rxh5 50. Bg2 Bb5+ 51. Kd2 Rg5 52. Rc7+ Rd7 53. Be4
Rg4 54. Bf3 Rg8 55. Rxd7+ Bxd7 56. Rc7 a5 57. Ra7 a4 58. Bc6 Rd8 59. Bxa4 Ke8
60. Bb3 h5 61. Ra1 h4 62. Rg1 Kf7 63. Bd1 Ra8 64. Bh5+ Kf8 65. e4 Ng3 66. Bxg3
hxg3 67. Rxg3 Ra4 68. Kc3 Ra1 69. Rf3+ Ke7 70. Rf7+ Kd8 71. Rf2 Kc7 72. Be2 Re1
73. Bd3 Rd1 74. Rd2 Re1 75. Re2 Rd1 76. Rf2 Re1 77. Kd2 Rh1 78. Rf7 Kd8 79. Rg7
Rh2+ 80. Kc3 Rh3 81. Rg5 Ke7 82. Rc5 Kd6 83. b4 Ke7 84. Kd2 Rh2+ 85. Ke3 Rb2 86.
b5 Kd8 87. Bc4 Rb1 88. Kf4 Rd1 89. Ke5 Ke7 90. Rc7 Rb1 91. Bxe6 Rxb5+ 92. d5 1-0

[Event "European Blitz 2022"]
[Site "Katowice POL"]
[Date "2022.12.16"]
[Round "13.21"]
[White "Seemann, Jakub"]
[Black "Pultinevicius, Paulius"]
[Result "0-1"]
[WhiteTitle "FM"]
[BlackTitle "GM"]
[WhiteElo "2365"]
[BlackElo "2561"]
[WhiteFideId "21874697"]
[BlackFideId "12809390"]
[EventDate "2022.12.16"]

1. d4 Nf6 2. c4 e6 3. Nf3 d5 4. g3 Bb4+ 5. Bd2 Be7 6. Bg2 O-O 7. O-O Nbd7 8. Qc2
c6 9. Rd1 a5 10. Bf4 a4 11. Nbd2 Nh5 12. Ne5 Nxe5 13. dxe5 Nxf4 14. gxf4 Qb6 15.
Rac1 f6 16. exf6 Bxf6 17. Rb1 Bd7 18. e3 Be8 19. f5 exf5 20. cxd5 cxd5 21. Qxf5
d4 22. Nc4 Qc7 23. Bd5+ Kh8 24. e4 Bg6 25. Qg4 b5 26. Nd2 Rae8 27. f4 d3 28. Kh1
Qc5 29. Qg3 Bd4 30. Rbc1 Qd6 31. f5 Qxg3 32. hxg3 Bh5 33. Rf1 Rc8 34. Rxc8 Rxc8
35. Nf3 Bxf3+ 36. Rxf3 d2 37. Rd3 Rc1+ 38. Kg2 d1=Q 0-1

[Event "European Blitz 2022"]
[Site "Katowice POL"]
[Date "2022.12.16"]
[Round "13.22"]
[White "Svane, Rasmus"]
[Black "Cherniaiev, Tykhon"]
[Result "1-0"]
[WhiteTitle "GM"]
[BlackTitle "FM"]
[WhiteElo "2622"]
[BlackElo "2330"]
[WhiteFideId "4657101"]
[BlackFideId "14182360"]
[EventDate "2022.12.16"]

1. Nf3 Nf6 2. g3 e6 3. Bg2 d5 4. O-O Be7 5. c4 O-O 6. b3 c5 7. cxd5 exd5 8. d4
Nc6 9. Bb2 Bg4 10. dxc5 Bxc5 11. Nc3 Qd7 12. Rc1 Rad8 13. Na4 Be7 14. Nc5 Qc8
15. Nd4 Nxd4 16. Qxd4 b6 17. Nd3 Qe6 18. Nf4 Qd7 19. Nxd5 Qe6 20. e4 Bc5 21. Qc3
a5 22. h3 Bh5 23. Nf4 Qd6 24. e5 Qd2 25. exf6 Be2 26. fxg7 Rfe8 27. Rfe1 Qxc3
28. Bxc3 Bb5 29. Nd5 Re6 30. Nc7 Rxe1+ 31. Rxe1 Bd3 32. Nd5 Bg6 33. g4 h6 34. h4
h5 35. gxh5 Bf5 36. h6 Kh7 37. Nf6+ Kxh6 38. g8=Q Rxg8 39. Nxg8+ Kh5 40. Re5
Kxh4 41. Rxf5 Bd6 42. Nf6 Be7 43. Rh5# 1-0

[Event "European Blitz 2022"]
[Site "Katowice POL"]
[Date "2022.12.16"]
[Round "13.23"]
[White "Jarmula, Lukasz"]
[Black "Grandelius, Nils"]
[Result "0-1"]
[WhiteTitle "GM"]
[BlackTitle "GM"]
[WhiteElo "2469"]
[BlackElo "2660"]
[WhiteFideId "1160664"]
[BlackFideId "1710400"]
[EventDate "2022.12.16"]

1. e4 c5 2. Nf3 e6 3. d4 cxd4 4. Nxd4 a6 5. c4 Nf6 6. Nc3 Qc7 7. a3 b6 8. Be3
Bb7 9. f3 Be7 10. Be2 O-O 11. O-O d6 12. Rc1 Nbd7 13. b4 Rac8 14. Qd2 Rfe8 15.
Rfd1 Qb8 16. Nb3 h5 17. Bf4 Ne5 18. Bxe5 dxe5 19. Qe3 Ba8 20. Na4 Bd8 21. c5 b5
22. Nc3 h4 23. Rd6 Bc6 24. Na2 Be7 25. Rdd1 Nh7 26. Rc2 Bg5 27. Qc3 Red8 28. Na5
Ba8 29. Rxd8+ Rxd8 30. c6 Qb6+ 31. Kf1 Be3 32. c7 Rc8 33. Qd3 Bg1 34. Bd1 Bxh2
35. Rc5 Nf6 36. Nc3 Kh7 37. Ne2 Ne8 38. Bb3 Rxc7 39. Qd8 Qa7 40. Qxe8 Rxc5 41.
bxc5 Qxc5 42. Qxa8 Qxa3 43. Qe8 0-1

[Event "European Blitz 2022"]
[Site "Katowice POL"]
[Date "2022.12.16"]
[Round "13.24"]
[White "Dobrovoljc, Vid"]
[Black "Vogel, Roven"]
[Result "0-1"]
[WhiteTitle "FM"]
[BlackTitle "IM"]
[WhiteElo "2384"]
[BlackElo "2463"]
[WhiteFideId "14609843"]
[BlackFideId "12908088"]
[EventDate "2022.12.16"]

1. Nf3 d5 2. g3 b6 3. Bg2 Bb7 4. O-O e6 5. d3 Nf6 6. Nbd2 Nbd7 7. Re1 Bc5 8. e3
O-O 9. a3 a5 10. b3 e5 11. d4 Bd6 12. dxe5 Nxe5 13. Bb2 Qe7 14. Nxe5 Bxe5 15.
Bxe5 Qxe5 16. Nf3 Qc3 17. Qd2 Ne4 18. Qd3 Qxd3 19. cxd3 Nc5 20. Rab1 Nxd3 21.
Red1 Nc5 22. Ne5 Rfd8 23. b4 axb4 24. axb4 Ne6 25. b5 f6 26. Nd3 Ra5 27. Rdc1
Kf8 28. Bh3 Ng5 29. Bg2 Rd7 30. Rc3 Ne4 31. Rc2 Nd6 32. Rcb2 g5 33. Rb4 Rd8 34.
Ne1 Rda8 35. Nc2 Ke7 36. R4b3 Ne4 37. Bxe4 dxe4 38. Rc3 Rc8 39. Nd4 Bd5 40. Rbc1
Kd7 41. Rd1 Rca8 42. Rdc1 R8a7 43. Kg2 h5 44. h3 Ra2 45. Kg1 Rb2 46. Kg2 Kd6 47.
Nf5+ Ke5 48. Nd4 Raa2 49. Rf1 Ra7 50. Rfc1 Raa2 51. Rf1 Kd6 52. Nf5+ Ke6 53.
Nd4+ Kd7 54. Kg1 h4 55. Kg2 hxg3 56. Kxg3 Rd2 57. Kg2 Rd3 58. Rfc1 Rxc3 59. Rxc3
Rb2 60. Kg3 Rb4 61. Ra3 Bc4 62. Nc2 Rxb5 63. Rc3 Bd3 64. Nd4 Rb1 65. Kg2 c5 66.
Nf5 Kc6 67. h4 gxh4 68. Nxh4 b5 69. Nf5 b4 0-1